Mawlâna Jalâleddîn-i Rûmî : the life, work and the mawlavî order = Mevlâna Celâleddin-i Rûmi : hayatı, işi ve mevlevi düzeni (Record no. 32397)

MARC details
000 -LEADER
fixed length control field 00744nam a2200181Ia 4500
020 ## - INTERNATIONAL STANDARD BOOK NUMBER
ISBN 9786050000030
050 ## - CALL MARK
Classification number BP 189.7 .M42 S24/
100 ## - STATEMENT OF RESPONSIBILITY--MAIN AUTHOR NAME
Personal name Şafak, Yakup
245 #0 - TITLE STATEMENT
Title Mawlâna Jalâleddîn-i Rûmî : the life, work and the mawlavî order = Mevlâna Celâleddin-i Rûmi : hayatı, işi ve mevlevi düzeni
260 ## - PUBLICATION, DISTRIBUTION, ETC. (IMPRINT)
Place of publication Konya
260 ## - PUBLICATION, DISTRIBUTION, ETC. (IMPRINT)
Name of publisher Metropolitan Municipality of Konya
260 ## - PUBLICATION, DISTRIBUTION, ETC. (IMPRINT)
Year of publication 2007
300 ## - PHYSICAL DESCRIPTION
Number of Pages 47 p
650 ## - SUBJECT ADDED ENTRY--TOPICAL TERM
Topical Term Jalal al-Din Rumi, Maulana, 1207-1273 Mevleviyeh _ Turkey Sufism _ Turkey Mysticism _ Islam _ Turkey Mevlana, Celaleddin Rumi, 1207-1273 Mevlevilik _ Türkiye Tasavvuf _ Türkiye Mistisizm _ İslam _ Türkiye
942 ## - ADDED ENTRY ELEMENTS (KOHA)
Koha item type Books
Holdings
Withdrawn status Lost status Source of classification or shelving scheme Damaged status Not for loan Permanent Location Current Location Date acquired Accession Number Price effective from Koha item type
    Library of Congress Classification     NILE UNIVERSITY OF NIGERIA - MAIN LIBRARY NILE UNIVERSITY OF NIGERIA - MAIN LIBRARY 04/23/2025 0011894 04/23/2025 Books